| 000 | 00000nam##2200000za#4500 |
| 001 | 9.638267 |
| 003 | CaOODSP |
| 005 | 20240209132623 |
| 007 | cr ||||||||||| |
| 008 | 150407|2004||||xxc|||||o f|0| 0 fre|d |
| 040 | |aCaOODSP|bfre |
| 043 | |an-cn--- |
| 086 | 1 |aAC5-10/2004F-PDF |
| 110 | 2 |aAgence de promotion économique du Canada atlantique. |
| 245 | 10|aExamen de question relatives à l'attraction des retombées au niveau local dans le secteur du gaz et du pétrole au Canada atlantique / |h[ressource électronique]|cpar Wade Locke et Strategic Concepts Inc. |
| 260 | |aMoncton - Nouveau-Brunswick : |bAgence de promotion économique du Canada atlantique |cAvril 2005. |
| 300 | |a100p.|btableaux |
| 500 | |a«L’étude stratégique est commanditée par l’agence de promotion économique du Canada atlantique (APECA) en vertu de la Mesure de recherche stratégique de l’Atlantique, ...» |
| 504 | |aBibliographie. |
| 590 | |a10-15-Supp|b2010-12-10 |
| 691 | 07|aIndustrie gazière|2gcpds |
| 691 | 07|aIndustrie pétrolière|2gcpds |
| 720 | 1 |aLocke, Wade |
| 775 | 08|tExploring issues related to local benefit capture in Atlantic Canada's oil and gas industry / |w(CaOODSP)9.694085 |
| 856 | 40|ahttp://publications.gc.ca|qPDF|s355 Ko|uhttps://publications.gc.ca/collections/collection_2010/apeca-acoa/AC5-10-2004-fra.pdf |